Pays avec la lettre E - Statistiques

Statistiques générales
  • Ce quiz a été pris 529 fois
    485 depuis la dernière actualisation
  • Le résultat moyen est 105 sur 136
Statistiques - réponses
Réponses % Correct
Etats-Unis
95%
Espagne
94%
France
92%
Estonie
91%
Allemagne
89%
Russie
89%
Chine
88%
Algérie
87%
Australie
87%
Brésil
87%
Italie
87%
Afrique du Sud
86%
Albanie
86%
Andorre
86%
Argentine
86%
Belgique
86%
Mexique
86%
Autriche
85%
Equateur
85%
Grèce
85%
Inde
85%
Lettonie
85%
Suède
85%
Suisse
85%
Egypte
84%
Ethiopie
84%
Finlande
84%
Irlande
84%
République Démocratique du Congo
84%
Turquie
84%
Corée du Nord
83%
Islande
83%
Lituanie
83%
Norvège
83%
Slovénie
83%
Tunisie
83%
Biélorussie
82%
Corée du Sud
82%
Emirats Arabes Unis
82%
Libye
82%
Slovaquie
82%
Venezuela
82%
Colombie
81%
Indonésie
81%
Nouvelle-Zélande
81%
République du Congo
81%
Sénégal
81%
Yémen
81%
Arménie
80%
Erythrée
80%
Guinée
80%
Israël
80%
Jordanie
80%
Luxembourg
80%
République Tchèque
80%
Roumanie
80%
Serbie
80%
Croatie
79%
Danemark
79%
Hongrie
79%
Liechtenstein
79%
Zambie
79%
Zimbabwe
79%
Arabie Saoudite
78%
Chypre
78%
Jamaïque
78%
Pérou
78%
Pologne
78%
Royaume-Uni
78%
Ukraine
78%
Bosnie-Herzégovine
77%
Bulgarie
77%
Géorgie
77%
Guinée Equatoriale
77%
Mauritanie
77%
Thaïlande
77%
Azerbaïdjan
76%
Belize
76%
Bolivie
76%
Cameroun
76%
Malte
76%
Somalie
76%
Viet Nam
76%
Mongolie
75%
Ouzbékistan
75%
République Dominicaine
75%
Guinée-Bissau
74%
Kenya
74%
Namibie
74%
Turkménistan
74%
Macédoine du Nord
73%
Moldavie
73%
Niger
73%
Sainte-Lucie
73%
Syrie
73%
Bénin
72%
Cambodge
72%
Nigeria
72%
Papouasie-Nouvelle-Guinée
72%
République Centrafricaine
72%
Saint-Vincent-et-les-Grenadines
72%
Birmanie
71%
Comores
71%
Lesotho
71%
Libéria
71%
Malaisie
71%
Monténégro
71%
Mozambique
71%
Népal
71%
Eswatini
70%
Tanzanie
70%
Cap-Vert
69%
Gambie
69%
Bahreïn
68%
Côte d'Ivoire
68%
Dominique
68%
États Fédérés de Micronésie
68%
Maldives
68%
Maurice
68%
Philippines
68%
Seychelles
68%
Suriname
68%
Bangladesh
67%
Koweït
67%
Saint-Christophe-et-Niéves
67%
Barbade
66%
Grenade
66%
Guatemala
65%
Brunei
64%
Sierra Leone
64%
Îles Marshall
63%
Antigua-et-Barbuda
60%
Sao Tomé-et-Principe
59%
Timor Oriental
59%
Trinité-et-Tobago
58%
Îles Salomon
52%
Aucun quiz correspondant
Distribution des résultats
% des personnes avec chaque résultat
Percentile par nombre de réponses
Votre historique - résultats
Vous n’avez pas pris ce quiz depuis la dernière actualisation